000 00426nam a2200121Ia 4500
008 220620s9999||||xx |||||||||||||| ||und||
245 0 _aHydroxyapatite Coatings for Biomedical Applications
546 _aEnglish[eng]
650 _aPre-clinical medicine: basic sciences||Chemistry||Materials science
700 _aZhang, Sam
856 _uhttps://library.oapen.org/bitstream/20.500.12657/41266/1/9781439886939.pdf
942 _cEB
999 _c25386
_d25386